00950nam a2200289Ia 4500001000900000003000500009005001700014008004100031010001100072020001800083040000900101082002200110100003300132245005200165260003200217300001000249440005600259503000800315650001900323650002800342901002200370902000600392905006300398942001500461999001900476952016500495dia_2698CHAP20230313093556.0220117s1998 xx 000 0 und d a173217 a970-663-020-1 cCHAP aC 583.47 V55 1998 aVelázquez, Ernesto9153371 aEl nopal y su historia /c Ernesto Velázquez aMéxico :b Clío,c1998 a95 p. aLa cocina mexicana a través de los siglos9147527 ac/e aNopal 981647 aNopalxHistoria9153372 aC 583.47 V55 1998 aM a5232171998 MX A 8212223322SPA16 cLIBRO2ddc c173217d173217 00102ddc4051708CaIA_bIA_d2000-09-19eCompra SEP F. 9621 / Res. (25-sep-2000)g49.00l0oC 583.47 V55 1998pdia_005610r2022-01-18 00:00:00tEj. 1yLIBRO